Normal view
MARC view
- DE-MTS-37 DECLASS
Entry Topical Term
001 - CONTROL NUMBER
- control field: 71497
003 - CONTROL NUMBER IDENTIFIER
- control field: NUST
005 - DATE AND TIME OF LATEST TRANSACTION
- control field: 20210628204637.0
008 - FIXED-LENGTH DATA ELEMENTS
- fixed length control field: 210628|| aca||aabn | a|a d
040 ## - CATALOGING SOURCE
- Original cataloging agency: NUST
- Transcribing agency: NUST
150 ## - HEADING--TOPICAL TERM
- Topical term or geographic name entry element: DE-MTS-37 DECLASS
670 ## - SOURCE DATA FOUND
- Source citation: Work cat.: (NUST): M. Ali Zakria Fatima Noor Hamza Naeem M. Hashir 71496, PR-SOF-1790-DESIGN & CONTROL OF 6DOF & 1DOF UPPER LIMB PROSTHESIS, 2019
